| 000 | 00351nam a2200145Ia 4500 | ||
|---|---|---|---|
| 100 | _aAntunes/Sandy | ||
| 942 | _cBK | ||
| 366 | _f25 | ||
| 654 | _aamateur | ||
| 245 | _aMake:DIY comms and control for Amateur space:Talking and listening to your satellite | ||
| 260 |
_bSPD _c2015 |
||
| 082 | _bANT | ||
| 300 | _a144 | ||
| 546 |
_aENGLISH _cPAMPHALETS |
||
| 999 |
_c32318 _d32318 |
||